000
00240nam a2200097Ia 4500
008
230915s9999 xx 000 0 und d
050
_a
HF5635.G55 2006
100
_a
Gilbertson Claudia Bienas
245
0
_a
Century 21 Accounting
942
_c
BK
999
_c
82012
_d
82012